000 00741nam a2200241 a 4500
001 000024284
005 20200930022857.0
008 110125s1976 sp a 000 0 spa d
020 _a8423953181
040 _aDO-SdBNP
_bspa
_cBNPHU
041 1 7 _aspa
_hfre
_2Código de idiomas MARC
082 _ann*
_bnn*
100 1 _aDamais, Émile.
_949848
240 1 0 _aHaendel.
_lEspañol
245 1 0 _aHaendel /
_cÉmile Damais ; traducción de Felipe Ximénez de Sandoval.
250 _a2a ed.
260 _aMadrid :
_bEspasa-Calpe,
_c1976.
300 _a128 p. :
_bil. ;
_c18 cm.
534 _aTraducción del francés :
_tHaendel
504 _aBibliografía : [127] p.
700 1 _aXiménez de Sandoval, Felipe,
_etr.
_919335
049 _aBNGR
999 _c23778
_d23778